[Event "Schleswig Holstein-ch Seniors"]
[Site "Hanerau"]
[Date "2015.04.03"]
[Round "9"]
[White "Schierling, Eckhard"]
[Black "Ackermann, Hans Christian"]
[Result "1/2-1/2"]
[WhiteElo "1748"]
[BlackElo "1816"]
[PlyCount "71"]
[EventDate "2015.03.28"]
[EventType "swiss"]
[EventRounds "9"]
[EventCountry "GER"]
[SourceTitle "EXT 2018"]
[Source "ChessBase"]
[SourceDate "2017.10.13"]
[SourceVersion "1"]
[SourceVersionDate "2017.10.13"]
[SourceQuality "1"]

1. e4 d5 2. exd5 Nf6 3. d4 Nxd5 4. Nf3 f5 5. c3 e6 6. Bc4 Be7 7. Ne5 0-0 8. Nd2 c6 9. Ndf3 Nd7 10. Nxd7 Bxd7 11. 0-0 f4 12. Re1 Rf6 13. Bxd5 cxd5 14. Ne5 Qc7 15. Nxd7 Qxd7 16. f3 Raf8 17. Qd3 Bd6 18. c4 Qf7 19. c5 Bc7 20. Re2 Rh6 21. Bd2 Qh5 22. h3 Qg5 23. Kf1 Qg3 24. Rf2 Bd8 25. Ke2 Bh4 26. Raf1 Qg5 27. Kd1 Bxf2 28. Rxf2 Rd8 29. Kc2 e5 30. Re2 exd4 31. Qxd4 Qf5+ 32. Qd3 Rf6 33. Qxf5 Rxf5 34. Kd3 Rf6 35. Kd4 b6 36. b4 1/2-1/2

[Event "GER-ch Seniors 23rd"]
[Site "Halle"]
[Date "2011.08.10"]
[Round "6"]
[White "Ackermann, Hans Christian"]
[Black "Wiebke, Elfriede"]
[Result "1-0"]
[WhiteElo "1826"]
[BlackElo "1397"]
[PlyCount "41"]
[EventDate "2011.08.05"]
[EventType "swiss"]
[EventRounds "9"]
[EventCountry "GER"]
[SourceTitle "CBM 144 Extra"]
[Source "ChessBase"]
[SourceDate "2011.10.28"]
[SourceVersion "1"]
[SourceVersionDate "2011.10.28"]
[SourceQuality "1"]

1. e4 e5 2. Nc3 Nf6 3. Bc4 g6 4. Nge2 c6 5. d3 Bc5 6. 0-0 0-0 7. Ng3 Bd4 8. h3 d6 9. Bb3 b5 10. Nce2 Bb6 11. Kh1 Nbd7 12. c3 c5 13. f4 Bc7 14. f5 Nh5 15. Nxh5 gxh5 16. f6 Nxf6 17. Bg5 Be6 18. Ng3 Qd7 19. Bxf6 Bxh3 20. Qxh5 Bg4 21. Qg5# 1-0

[Event "Schleswig Holstein-ch Veterans 60th"]
[Site "Germany"]
[Date "2005.10.11"]
[Round "2"]
[White "Ackermann, Hans Christian"]
[Black "Pape, Rainer"]
[Result "0-1"]
[WhiteElo "1514"]
[BlackElo "1673"]
[PlyCount "166"]
[EventDate "2005.10.10"]
[EventType "swiss"]
[EventRounds "9"]
[EventCountry "GER"]
[SourceTitle "EXT 2010"]
[Source "ChessBase"]
[SourceDate "2010.11.25"]
[SourceVersion "1"]
[SourceVersionDate "2010.11.25"]
[SourceQuality "1"]

1. e4 c5 2. f4 e6 3. Nf3 Nf6 4. d3 Nc6 5. c3 Be7 6. Be2 d6 7. 0-0 Qb6 8. Nbd2 d5 9. e5 Ng4 10. Nb1 Nh6 11. Qc2 Bd7 12. Kh1 0-0-0 13. Be3 Qc7 14. d4 Nf5 15. Bf2 c4 16. b3 Na5 17. b4 Nc6 18. a4 f6 19. Nbd2 g5 20. exf6 Bxf6 21. fxg5 Be7 22. Ra2 Rdg8 23. Rfa1 h6 24. g6 Rxg6 25. a5 Rhg8 26. Bf1 h5 27. b5 Nb8 28. Ne5 R6g7 29. Rb1 Bd6 30. b6 axb6 31. axb6 Qd8 32. Ndf3 h4 33. Ra8 Qe8 34. Rba1 Bb5 35. R8a5 Ba6 36. Qc1 Qh5 37. R5a2 Ng3+ 38. Kg1 Nxf1 39. Qxf1 Be7 40. Be3 Rf8 41. Qd1 Bd6 42. Kh1 Nd7 43. Nxd7 Rxd7 44. h3 Rdf7 45. Rf2 Qh7 46. Raa2 Qh5 47. Qe2 Bg3 48. Rf1 Qf5 49. Bc1 Rf6 50. Ba3 Re8 51. Raa1 Qh5 52. Qc2 Bb8 53. Nh2 Rxf1+ 54. Rxf1 e5 55. Ng4 exd4 56. cxd4 Qg5 57. Bc1 Qe7 58. Qf5+ Qe6 59. Qxe6+ Rxe6 60. Rf8+ Kd7 61. Rxb8 Re1+ 62. Kh2 Rxc1 63. Rh8 Rd1 64. Rxh4 c3 65. Ne3 Re1 66. Rh7+ Ke6 67. Nc2 Re2 68. Nb4 c2 69. Rc7 Bc4 70. Nxc2 Rxc2 71. Rxb7 Rb2 72. Kg1 Kf5 73. Rf7+ Ke4 74. Rf6 Kxd4 75. h4 Rb1+ 76. Kh2 Ke5 77. Rc6 Be2 78. Kg3 Rb3+ 79. Kf2 Bg4 80. Kg1 d4 81. Rc5+ Kf4 82. Rd5 Kg3 83. Rxd4 Rb1+ 0-1